Plataforma de acción declaración de Beijing: información general y selección de documentos /
El documento aborda el tema de la equidad de género, poniendo especial atención a la pobreza, educación, salud, violencia, conflictos armados, participación económica, toma de decisiones, mecanismos institucionales, derechos humanos, medios de comunicación, ambiente y desarrollo.
Guardat en:
| Autor corporatiu: | |
|---|---|
| Format: | Actes de congresos |
| Idioma: | Spanish |
| Publicat: |
San José:
Costa Rica. Ministerio de Planificación Nacional y Política Económica Centro Nacional para el Desarrollo de la Mujer y la Familia
1996
|
| Col·lecció: | Colección Documentos
10 |
| Matèries: | |
| Etiquetes: |
Afegir etiqueta
Sense etiquetes, Sigues el primer a etiquetar aquest registre!
|
MARC
| LEADER | 00000 a a2200000 04500 | ||
|---|---|---|---|
| 001 | 22842 | ||
| 003 | cru CIDCACS/IIS | ||
| 005 | 20230509123907.0 | ||
| 008 | 190423b1996 cr ||||| |||| 00| 0 spa d | ||
| 020 | |a 9968-742-27-9 | ||
| 022 | |a 9968-742-27-9 | ||
| 040 | |c cru CIDCACS/IIS | ||
| 090 | |a 02.04.02 C748p | ||
| 111 | |a Cuarta Conferencia Mundial sobre la Mujer |c Beijing |d 4-15 de setiembre de 1995 | ||
| 245 | |a Plataforma de acción declaración de Beijing: información general y selección de documentos / |c Centro Nacional para el Desarrollo de la Mujer y la Familia | ||
| 260 | |a San José: |b Costa Rica. Ministerio de Planificación Nacional y Política Económica |b Centro Nacional para el Desarrollo de la Mujer y la Familia |c 1996 | ||
| 300 | |a 162 páginas | ||
| 440 | |a Colección Documentos |v 10 | ||
| 500 | |a Colección ALFORJA | ||
| 520 | |a El documento aborda el tema de la equidad de género, poniendo especial atención a la pobreza, educación, salud, violencia, conflictos armados, participación económica, toma de decisiones, mecanismos institucionales, derechos humanos, medios de comunicación, ambiente y desarrollo. | ||
| 650 | |a MUJERES | ||
| 650 | |2 Macrotesauro de la OCDE | ||
| 650 | |a EQUIDAD DE GENERO | ||
| 650 | |2 Listado Unificado de CLACSO | ||
| 650 | |a DERECHOS DE LA MUJER | ||
| 650 | |2 Macrotesauro de la OCDE | ||
| 650 | |a DESARROLLO ECONOMICO Y SOCIAL |2 Macrotesauro de la OCDE | ||
| 650 | |a PLANES NACIONALES | ||
| 650 | |2 Macrotesauro de la OCDE | ||
| 651 | |a Costa Rica | ||
| 942 | |2 ddc |c LI |h 02.04.02 C748p |i 17392 |6 020402_C748P_17392 | ||
| 999 | |c 10446 |d 10446 | ||



